Obras [de Isaac Ochoterena] : Lecciones de biología, Tratado elemental de biología /

Guardat en:
Dades bibliogràfiques
Autor principal: Ochoterena, Isaac (autor)
Format: Llibre
Idioma:espanyol
Publicat: México : El Colegio Nacional, 2002, c2002
Matèries:
Etiquetes: Afegir etiqueta
Sense etiquetes, Sigues el primer a etiquetar aquest registre!

MARC

LEADER 00000nam^a2200000^a^4500
001 000153423
005 20250521000000.0
009 20260310100319.303
020 |a 970-640-188-1 
020 |a 970-640-150-4 
037 |a Acervo ITESO - Biblioteca 
041 |a ESP 
082 |a 868.  |b OBR OCH V. 2 
100 |a Ochoterena, Isaac  |e (autor) 
240 1 1 |a [Obras de El Colegio Nacional] 
240 1 1 |a [Obras de Isaac Ochoterena] 
245 1 0 |a Obras [de Isaac Ochoterena] :  |b Lecciones de biología, Tratado elemental de biología /  |c I. Ochoterena ; presen. de Ismael Ledesma Mateos, Antonio Lazcano-Araujo R. 
264 4 |a México :  |b El Colegio Nacional,  |c 2002, c2002 
300 |a XXIII, 569 p. 
336 |a texto  |b txt  |2 rdacontenido 
337 |a sin mediación  |b n  |2 rdamedio 
338 |a volumen  |b nc  |2 rdasoporte 
649 |a XX 
650 |a Evolución -  |x Teoría 
650 |a Herencia (Biología) 
650 |a Vida -  |x Origen 
650 |a Mendel, Ley de 
650 |a Sexualidad Animal 
650 |a Plantas -  |x Reproducción 
650 |a Reproducción Asexual 
650 |a Reproducción (Biología) 
650 |a Muerte -  |x Causas 
650 |a Biología -  |x Teoría 
650 |a Literatura Científica, Profesional y Académica -  |z México 
650 |a Mendel, Gregor 
650 |a Darwin, Charles 
740 0 |a Lecciones de biología /  |c I. Ochoterena. 
740 0 |a Tratado elemental de biología /  |c I. Ochoterena. 
910 |a Fondo General 
920 |a Impresos - Libros 
930 |a Colección General 
940 |a Literatura 
905 |a 101 
901 |a 0500082000  |b IT1  |c LIT  |u 20250521 
902 |a https://opac.biblio.iteso.mx/vufind/Record/000153423